| 000 | 01239nam a2200313Ia 4500 | ||
|---|---|---|---|
| 001 | ebr10409234 | ||
| 003 | CaPaEBR | ||
| 006 | m u | ||
| 007 | cr cn||||||||| | ||
| 008 | 100514s2010 kyu sb 001 0beng d | ||
| 010 | _z 2010020663 | ||
| 020 | _z9780813125978 | ||
| 040 |
_aCaPaEBR _cCaPaEBR |
||
| 035 | _a(OCoLC)697174373 | ||
| 050 | 1 | 4 |
_aML420.N694 _bP47 2010eb |
| 082 | 0 | 4 |
_a782.42092 _aB _222 |
| 100 | 1 | _aPen, Ronald. | |
| 245 | 1 | 0 |
_aI wonder as I wander _h[electronic resource] : _bthe life of John Jacob Niles / _cRon Pen ; foreword by Rick Kogan. |
| 260 |
_aLexington, Ky : _bUniversity Press of Kentucky, _cc2010. |
||
| 300 | _axv, 371 p. | ||
| 504 | _aIncludes bibliographical references and index. | ||
| 533 |
_aElectronic reproduction. _bPalo Alto, Calif. : _cebrary, _d2010. _nAvailable via World Wide Web. _nAccess may be limited to ebrary affiliated libraries. |
||
| 600 | 1 | 0 |
_aNiles, John Jacob, _d1892-1980. |
| 650 | 0 |
_aSingers _zKentucky _vBiography. |
|
| 650 | 0 |
_aComposers _zKentucky _vBiography. |
|
| 655 | 7 |
_aElectronic books. _2local |
|
| 710 | 2 | _aebrary, Inc. | |
| 856 | 4 | 0 |
_uhttp://site.ebrary.com/lib/rucke/Doc?id=10409234 _zAn electronic book accessible through the World Wide Web; click to view |
| 999 |
_c80293 _d80293 |
||